| 000 | 00517nam a22001937a 4500 | ||
|---|---|---|---|
| 003 | CEME | ||
| 005 | 20210628202931.0 | ||
| 008 | 210211b xxu||||| |||| 00| 0 eng d | ||
| 020 | _a0-7506-4642-X | ||
| 040 | _c. | ||
| 082 | _a697 OUG | ||
| 100 |
_aHodkinson, Oughton, D.R _962392 |
||
| 245 | _aHeating and air conditioning of buildings | ||
| 250 | _a9th | ||
| 260 |
_aOXFORD _bBUTTERWORTH HEINEMANN _c2002 |
||
| 300 | _aXII,720P | ||
| 650 |
_aAIR CONDITIONING OF BUILDINGS; HEATING _962393 |
||
| 942 |
_cBK _2ddc |
||
| 999 |
_c571513 _d571513 |
||